00645nam a2200145Ia 4500008004100000050002400041100002700065245013800092260008600230300002800316521002200344942000700366999001900373952010700392140724s9999 xx 000 0 und d aLB 3013b.B165 2010 aBajamundi, Jennifer M. aBenefits of circle time to the socio-emotional development of pre-school students with disruptive behaviors /cJennifer M. Bajamundi. aLas Piñas, Philippines :bSouthville International School and Colleges,cc2010. a60 p. :bill. ;c28 cm. aSpecial Education cTH c229013d229013 001040aCLbCLcTHESESd2014-07-24l0oLB 3013 .B165 2010pT0367r2018-05-15 00:00:00w2014-07-24yTH